000 00610nam a2200241 a 4500
001 nice12345678
003 IN_TiNIC
005 20260116012149.0
008 050524s1963 usaa grp 000 0 eng
020 _a
_c213.75
082 0 0 _a225.52
_bBEC
100 _aBeck, F William
245 _aNew Testament in the Language of Today.
260 _aUsa
_bConcordia Pub House, St. Louis
_c1963
300 _a459p
500 _aincludes index and biblioraphy
505 2 _aIndex
650 _aBible-Versions-Translations
700 1 _aBeck, F William
902 _bSRS
942 _cBK
999 _c5895
_d5895